Уголовное право (Общая часть) Учебно-методическая литература
Учебно-методическое пособие «Уголовное право (Общая часть)» составлено в соответствии с федеральными государственными образовательными стандартами высшего профессионального образования по направлениям подготовки (специальностям) «Юриспруденция» и «Правоохранительная деятельность». Пособие предназнач...
Guardat en:
| Autor principal: | |
|---|---|
| Format: | Учебно-методическая литература |
| Accés en línia: | https://znanium.com/catalog/document?id=398249 https://znanium.com/cover/1871/1871018.jpg |
| Etiquetes: |
Afegir etiqueta
Sense etiquetes, Sigues el primer a etiquetar aquest registre!
|
| LEADER | 03715nam0a2200313 i 4500 | ||
|---|---|---|---|
| 001 | RU\infra-m\znanium\bibl\1871018 | ||
| 003 | https://znanium.com/catalog/document?id=398249 | ||
| 005 | 20220323000000.0 | ||
| 010 | |a 978-5-91612-361-5 | ||
| 100 | |a 20220323d2022 m y0rusy0150 ca | ||
| 101 | 0 | |a rus | |
| 102 | |a RU | ||
| 200 | 1 | |a Уголовное право (Общая часть) |e Учебно-методическая литература |f Самарский юридический институт Федеральной службы исполнения наказаний | |
| 210 | 1 | |a Самара |c Самарский юридический институт ФСИН России |d 2021 | |
| 215 | |a 243 с. | ||
| 330 | |a Учебно-методическое пособие «Уголовное право (Общая часть)» составлено в соответствии с федеральными государственными образовательными стандартами высшего профессионального образования по направлениям подготовки (специальностям) «Юриспруденция» и «Правоохранительная деятельность». Пособие предназначено для эффективной организации работы обучающихся на практических занятиях включает в себя перечень нормативно-правовых актов литературы материалов судебной практики примерные темы рефератов вопросы для подготовки к практическим занятиям тестовые задания открытого и закрытого типа задания по Общей части уголовного права. Практические задания составлены с учетом специфики правоприменительной деятельности УИС. Учебно-методическое пособие предназначено обучающимся в учебных заведениях ФСИН России и других юридических вузах при изучении Общей части уголовного права России. | ||
| 333 | |a ВО - Бакалавриат | ||
| 606 | |a Право. Юридические науки |x Уголовное право |2 local | ||
| 608 | |a Учебно-методическая литература |2 local | ||
| 675 | |a 342 |z rus | ||
| 686 | |a 67408 |2 rubbk | ||
| 686 | |a 40.03.01 |2 okso | ||
| 686 | |a 40.05.02 |2 okso | ||
| 700 | 1 | |a Насреддинова |b К.А. |g Кристина Александровна |p Самарский юридический институт Федеральной службы исполнения наказаний | |
| 701 | 1 | |a Латыпова |b Д.М. |g Динара Мансуровна |p Самарский юридический институт Федеральной службы исполнения наказаний | |
| 701 | 1 | |a Сивцов |b С.А. |g Сергей Андреевич |p Самарский юридический институт Федеральной службы исполнения наказаний | |
| 801 | 0 | |a RU |b Общество с ограниченной ответственностью «ЗНАНИУМ» |c 20220322 |2 rusmarc | |
| 856 | 4 | |a znanium.com |m ebs_support@infra-m.ru |n НИЦ ИНФРА-М |u https://znanium.com/catalog/document?id=398249 | |
| 856 | 4 | 1 | |a znanium.com |d /cover/1871 |f 1871018.jpg |q image/jpeg |u https://znanium.com/cover/1871/1871018.jpg |